000 01264nam a2200325Ia 4500
001 ebr10634445
003 CaPaEBR
006 m u
007 cr cn|||||||||
008 121017s2012 gw s 000 0 eng d
010 _z 2012038487
020 _z9783110283037
020 _z9783110282870 (acid-free paper)
040 _aCaPaEBR
_cCaPaEBR
035 _a(OCoLC)821020798
050 1 4 _aPN56.W3
_bP57 2012eb
245 0 0 _aPlots of war
_h[electronic resource] :
_bmodern narratives of conflict /
_cedited by Isabel Capeloa Gil, Adriana Martins.
260 _aBerlin ;
_aBoston :
_bDe Gruyter,
_c2012.
300 _avi, 219 p.
490 0 _aCulture & conflict ;
_v2
533 _aElectronic reproduction.
_bPalo Alto, Calif. :
_cebrary,
_d2013.
_nAvailable via World Wide Web.
_nAccess may be limited to ebrary affiliated libraries.
650 0 _aWar and literature.
650 0 _aNarration (Rhetoric)
650 0 _aCollective memory and literature.
655 7 _aElectronic books.
_2local
700 1 _aGil, Isabel Capeloa.
700 1 _aMartins, Adriana Alves de Paula,
_d1967-
710 2 _aebrary, Inc.
856 4 0 _uhttp://site.ebrary.com/lib/rucke/Doc?id=10634445
_zAn electronic book accessible through the World Wide Web; click to view
999 _c47810
_d47810